UITU Library & LRC     

Design of Analog Filters (Record no. 9899)

MARC details
000 -LEADER
fixed length control field 00494nam a2200181Ia 4500
008 - FIXED-LENGTH DATA ELEMENTS--GENERAL INFORMATION
fixed length control field 240925s9999 xx 000 0 und d
020 ## - INTERNATIONAL STANDARD BOOK NUMBER
International Standard Book Number 195471458
082 ## - DEWEY DECIMAL CLASSIFICATION NUMBER
Classification number 621.3815324 SCH
100 ## - MAIN ENTRY--PERSONAL NAME
Personal name Schaumann, Rolf ; Valkenburg ,M. E. Van
245 #0 - TITLE STATEMENT
Title Design of Analog Filters
250 ## - EDITION STATEMENT
Edition statement NA
260 ## - PUBLICATION, DISTRIBUTION, ETC.
Place of publication, distribution, etc. Karachi:
Name of publisher, distributor, etc. Oxford University Press
Date of publication, distribution, etc. ,2001.
300 ## - PHYSICAL DESCRIPTION
Extent x,105p.
Other physical details NA
Type of unit Photocopy
500 ## - GENERAL NOTE
General note Includes Index
600 ## - SUBJECT ADDED ENTRY--PERSONAL NAME
Personal name Engineering Technology
650 ## - SUBJECT ADDED ENTRY--TOPICAL TERM
Topical term or geographic name entry element Technology
942 ## - ADDED ENTRY ELEMENTS (KOHA)
Koha item type Books
Holdings
Withdrawn status Lost status Damaged status Not for loan Collection Home library Current library Date acquired Source of acquisition Cost, normal purchase price Total checkouts Full call number Barcode Date last seen Price effective from Koha item type
        Engineering Technology UITU Library UITU Library 03/05/2008 N.J. Bookseller & Stationer 567.75   621.3815324 SCH Q7400 09/25/2024 09/25/2024 Books

Powered by Koha